| 000 | 01577nam a22003977a 4500 | ||
|---|---|---|---|
| 003 | CHAP | ||
| 005 | 20220329143727.0 | ||
| 008 | 110419s2011 mx r 00010 spa d | ||
| 010 | _a100990 | ||
| 011 | _a101962 | ||
| 035 | _a112650 | ||
| 040 | _cCHAP | ||
| 090 | _aTesis | ||
| 100 | 1 |
_aSantes Velázquez, Juan Bernardo. _9102311 |
|
| 245 | 1 | 0 |
_aConstrucción y evaluación de un remolque dinamométrico para prueba de tracción en motocultores _h[En línea] _c/por Juan Bernardo Santes Velázquez |
| 260 |
_aChapingo, Méx. : _bEl autor, _c2011 |
||
| 500 | _aPara ver el contenido del material haga clic en la liga | ||
| 502 | _aTesis (Ing. Mecánico Agrícola) -- Departamento de Ingeniería Mecánica Agrícola | ||
| 590 |
_aALEPH _b10 _c20130110 _lUCH01 _h1540 |
||
| 590 |
_aBATCH-UPD _b10 _c20130110 _lUCH01 _h1847 |
||
| 590 |
_aBATCH-UPD _b10 _c20130410 _lUCH01 _h1217 |
||
| 590 |
_aBATCH-UPD _b10 _c20130914 _lUCH01 _h1036 |
||
| 590 |
_aBATCH-UPD _b10 _c20140324 _lUCH01 _h1524 |
||
| 590 |
_aBATCH-UPD _b10 _c20141002 _lUCH01 _h0848 |
||
| 590 |
_aCONVERSION _b10 _c20130109 _lUCH01 _h1356 |
||
| 650 | 1 | 4 |
_aConstrucción _xMaquinaria. _927386 |
| 650 | 1 | 4 |
_aEvaluación. _938913 |
| 650 | 1 | 4 |
_aMaquinaria agrícola. _971151 |
| 650 | 1 | 4 |
_aMotores de tracción. _979099 |
| 650 | 1 | 4 |
_aRemolques. _995883 |
| 856 |
_3finding aid _uhttp://10.13.5.2/tesis/112650.pdf. _zTeclea aqui |
||
| 901 | _aBK | ||
| 942 | _cFOLL | ||
| 949 |
_aTesis _bBC _cTES _d33724002256819 _eTS1 _gDonaciØn _h52187 _i112650 _st |
||
| 949 |
_aTesis _bBC _cTES _d33724002257587 _eTS2 _fc.2 _gDonaciØn _h52188 _i112650 _st |
||
| 999 |
_c100990 _d100990 |
||